South American Geography by Letter - P - Statistics

General Stats
  • This quiz has been taken 55 times
    38 since last reset
  • The average score is 10 of 20
Answer Stats
Clue Answer % Correct
Country home to Machu Picchu Peru
100%
Official language of Brazil Portuguese
97%
Capital of Suriname Paramaribo
94%
Country that lost over half its population in the 1860s due to a war Paraguay
91%
Estuary that Buenos Aires sits on Rio de la {Plata}
88%
Currency used by four countries in South America Peso
81%
Fish known for its ferocity Piranha
78%
Fertile lowland known for Gauchos The {Pampas}
72%
Major river that ends at the above Paraná
69%
Cold region of Chile and Argentina Patagonia
69%
State capital of Rio Grande do Sul Porto Alegre
47%
Bolivian city that was a crucial supplier of silver to Spain Potosí
34%
State capital of Rondônia— name means "Old Port" Porto Velho
28%
World's largest tropical wetland The {Pantanal}
25%
State of Brazil where João Pessoa is located Paraíba
16%
Resident of Buenos Aires Porteño
16%
Largest lagoon in Brazil Lagoa dos {Patos}
9%
Mixed-race people of Brazil Pardo
6%
Second most populous province in Ecuador, home to Quito Pichincha
6%
Department of the above named for an otherwise unmemorable U.S. President Presidente Hayes
3%
No matching quizzes found
Score Distribution
Percent of People with Each Score
Percentile by Number Answered
Your Score History
You have not taken this quiz since the last reset